Choco encuentra una mamá / (Registro nro. 3964)
[ vista simple ]
| 000 -LEADER | |
|---|---|
| fixed length control field | 00908nam a2200229Ia 4500 |
| 003 - CONTROL NUMBER IDENTIFIER | |
| control field | OSt |
| 005 - DATE AND TIME OF LATEST TRANSACTION | |
| control field | 20200424115353.0 |
| 008 - FIXED-LENGTH DATA ELEMENTS--GENERAL INFORMATION | |
| fixed length control field | 191128s2006 ck a br 000 j spa d |
| 020 ## - INTERNATIONAL STANDARD BOOK NUMBER | |
| International Standard Book Number | 9789580493921 |
| 040 ## - CATALOGING SOURCE | |
| Original cataloging agency | CO-JMCR |
| Transcribing agency | CO-JMCR |
| 041 0# - LANGUAGE CODE | |
| Language code of text/sound track or separate title | spa |
| 082 04 - DEWEY DECIMAL CLASSIFICATION NUMBER | |
| Classification number | C / |
| Item number | KASc |
| 100 1# - MAIN ENTRY--PERSONAL NAME | |
| Personal name | Kasza, Keiko, |
| Relator term | autor |
| 9 (RLIN) | 3534 |
| 245 10 - TITLE STATEMENT | |
| Title | Choco encuentra una mamá / |
| Statement of responsibility, etc. | Keiko Kasza ; traducción María Paz Amaya |
| 260 ## - PUBLICATION, DISTRIBUTION, ETC. | |
| Place of publication, distribution, etc. | Bogotá : |
| Name of publisher, distributor, etc. | Norma, |
| Date of publication, distribution, etc. | 2006 |
| 300 ## - PHYSICAL DESCRIPTION | |
| Extent | 32 páginas : |
| Other physical details | ilustraciones a color ; |
| Dimensions | 24 cm. |
| 490 0# - SERIES STATEMENT | |
| Series statement | Buenas noches |
| 520 ## - SUMMARY, ETC. | |
| Summary, etc. | Choco es un pequeño pájaro amarillo que está buscando desesperadamente una mamá. Aunque la busca aquí y allá, le es imposible encontrarla, ninguno de los animales parece el indicado. Solamente cuando ya ha perdido todas las esperanzas. |
| 650 14 - SUBJECT ADDED ENTRY--TOPICAL TERM | |
| Topical term or geographic name entry element | Cuentos infantiles |
| 9 (RLIN) | 3535 |
| 700 ## - ADDED ENTRY--PERSONAL NAME | |
| Personal name | Paz Amaya, María, |
| Relator term | traducción |
| 9 (RLIN) | 3536 |
| 942 ## - ADDED ENTRY ELEMENTS (KOHA) | |
| Source of classification or shelving scheme | Dewey Decimal Classification |
| Koha item type | Books |
| Withdrawn status | Lost status | Source of classification or shelving scheme | Damaged status | Not for loan | Collection code | Home library | Current library | Date acquired | Source of acquisition | Total Checkouts | Total Renewals | Full call number | Barcode | Date last seen | Date last checked out | Copy number | Koha item type |
|---|---|---|---|---|---|---|---|---|---|---|---|---|---|---|---|---|---|
| Dewey Decimal Classification | Fiction | Biblioteca Pública José María del Castillo y Rada | Biblioteca Pública José María del Castillo y Rada | 11/28/2019 | Donación | 11 | 3 | C / KASc | 201808771 | 03/03/2026 | 03/03/2026 | Ej.1 | Books |